000 01177nam a22002775i 4500
001 154284
003 ES-MaACL
005 20250804012826.0
008 950614s1779 it |||| | lat d
040 _aAN
_bspa
_cCCPB | SIC
100 1 _aGenovesi, Antonio,
_d1713-1769
_956347
245 1 0 _aAntonii Genuensis... Disciplinarum metaphysicarum elementa
_b: mathematicum in morem adornata : Tomus secundus.
250 _aEditio novissima
_bab ipso auctore... omnino reformata, perpetuis additionibus locupletata et nunc primum in quinque Tomos divisa.
260 _aBassani ;
_ased prostant Venetiis :
_bapud Remondini,
_c1779.
300 _a396 p. ;
_c8º.
595 1 _aDatos de ed. preceden a : "Tomus secundus"
597 1 _aSign. : A-2A<8>, 2B<6>
597 1 _aPort. con viñeta xil. Notas a pie de p.
650 7 _aMetafísica
_2embne
_915012
700 1 1 _aRemondini, Giuseppe,
_dfl.1773-1811
_eed.
_9241383
740 0 1 _aDisciplinarum metaphysicarum elementa.
_n, Tomus secundus.
752 _aItalia -
_dBassano
752 _aItalia -
_dVenecia
852 _aES-MaACL
_jR-894-98
_z-- Enc. perg.
_x Olim: G-1263-67
999 _c154284
_d154284